Pohyb vo virtuálnej krajine = Movement in virtual space : Dipl.práca

Uložené v:
Podrobná bibliografia
Hlavný autor: Hlinka, Zdenko (Autor)
Ďalší autori: Šperka, Martin, 1945- (Vedúci práce)
Médium: Rukopis Kniha
Jazyk:Slovak
Vydavateľské údaje: Bratislava : STU v Bratislave FEI, 1999
Predmet:
Tagy: Pridať tag
Žiadne tagy, Buďte prvý, kto otaguje tento záznam!

MARC

LEADER 00000ntm a22000003a 4500
001 stu50397
005 20160719164903.7
008 990721s1999------------------------slo-d
040 |a STU  |b slo 
041 0 |a slo 
100 1 |a Hlinka, Zdenko  |4 aut 
245 1 |a Pohyb vo virtuálnej krajine = Movement in virtual space :  |b Dipl.práca 
260 |a Bratislava :  |b STU v Bratislave FEI,  |c 1999 
300 |a 85 s., disketa 
650 7 |a informatika  |2 stusub 
700 1 |a Šperka, Martin,  |d 1945-  |4 ths  |u E220  |U FEI Fakulta elektrotechniky a informatiky  |T FEI Katedra informatiky a výpočtovej techniky  |X 1924  |U E220  |Y 69  |7 1924 
996 |b EDIPL-5895  |c I*DIPL-5895  |l II680  |s A  |a 24  |w stu50397_0001